<?xml version="1.0" encoding="UTF-8"?>
<record
    xmlns:xsi="http://www.w3.org/2001/XMLSchema-instance"
    xsi:schemaLocation="http://www.loc.gov/MARC21/slim http://www.loc.gov/standards/marcxml/schema/MARC21slim.xsd"
    xmlns="http://www.loc.gov/MARC21/slim">

  <leader>01862nam2a22004091  4500</leader>
  <controlfield tag="001">v19\rc\1351372</controlfield>
  <controlfield tag="005">20250618121648.0</controlfield>
  <datafield tag="035" ind1=" " ind2=" ">
    <subfield code="a">(NLR Aleph) 004562300</subfield>
  </datafield>
  <datafield tag="090" ind1=" " ind2=" ">
    <subfield code="a">2289696</subfield>
    <subfield code="c">2289696</subfield>
  </datafield>
  <datafield tag="100" ind1=" " ind2=" ">
    <subfield code="a">20060512g18631864|||y0rusy50      ca</subfield>
  </datafield>
  <datafield tag="101" ind1="0" ind2=" ">
    <subfield code="a">rus</subfield>
  </datafield>
  <datafield tag="102" ind1=" " ind2=" ">
    <subfield code="a">RU</subfield>
  </datafield>
  <datafield tag="105" ind1=" " ind2=" ">
    <subfield code="a">c   z   |||||</subfield>
  </datafield>
  <datafield tag="200" ind1="1" ind2=" ">
    <subfield code="a">&#x414;&#x432;&#x438;-&#x41E;&#x444;&#x440;&#x438;&#x441;</subfield>
    <subfield code="f">&#x421;&#x43E;&#x441;&#x442;. &#x43F;&#x43E;&#x434; &#x440;&#x435;&#x434;. &#x424;. &#x422;&#x43E;&#x43B;&#x43B;&#x44F;, &#x43F;&#x440;&#x438; &#x434;&#x435;&#x44F;&#x442;&#x435;&#x43B;&#x44C;&#x43D;&#x43E;&#x43C; &#x441;&#x43E;&#x442;&#x440;&#x443;&#x434;&#x43D;&#x438;&#x447;&#x435;&#x441;&#x442;&#x432;&#x435; &#x412;. &#x412;&#x43E;&#x43B;&#x435;&#x43D;&#x441;&#x430;</subfield>
  </datafield>
  <datafield tag="210" ind1=" " ind2=" ">
    <subfield code="d">1864 (&#x43E;&#x431;&#x43B;. 1863)</subfield>
    <subfield code="a">&#x411;. &#x43C;.</subfield>
  </datafield>
  <datafield tag="215" ind1=" " ind2=" ">
    <subfield code="a">[2], 1132 &#x441;., 1 &#x43B;. &#x43F;&#x43E;&#x440;&#x442;&#x440;.</subfield>
  </datafield>
  <datafield tag="461" ind1=" " ind2="0">
    <subfield code="1">001v19\rc\1351367</subfield>
    <subfield code="1">2001#$a&#x41D;&#x430;&#x441;&#x442;&#x43E;&#x43B;&#x44C;&#x43D;&#x44B;&#x439; &#x441;&#x43B;&#x43E;&#x432;&#x430;&#x440;&#x44C; &#x434;&#x43B;&#x44F; &#x441;&#x43F;&#x440;&#x430;&#x432;&#x43E;&#x43A; &#x43F;&#x43E; &#x432;&#x441;&#x435;&#x43C; &#x43E;&#x442;&#x440;&#x430;&#x441;&#x43B;&#x44F;&#x43C; &#x437;&#x43D;&#x430;&#x43D;&#x438;&#x44F;$e(&#x421;&#x43F;&#x440;&#x430;&#x432;. &#x44D;&#x43D;&#x446;&#x438;&#x43A;&#x43B;. &#x43B;&#x435;&#x43A;&#x441;&#x438;&#x43A;&#x43E;&#x43D;)$e&#x412; 12 &#x432;&#x44B;&#x43F;. &#x438;&#x43B;&#x438; 3 &#x442;. &#x422;. 1-$f&#x421;&#x43E;&#x441;&#x442;. &#x43F;&#x43E;&#x434; &#x440;&#x435;&#x434;. &#x424;. &#x422;&#x43E;&#x43B;&#x43B;&#x44F;$v&#x422;. 2</subfield>
    <subfield code="9">2289635</subfield>
    <subfield code="c">&#x421;&#x430;&#x43D;&#x43A;&#x442;-&#x41F;&#x435;&#x442;&#x435;&#x440;&#x431;&#x443;&#x440;&#x433;</subfield>
    <subfield code="d">1863-1866</subfield>
    <subfield code="f">&#x421;&#x43E;&#x441;&#x442;. &#x43F;&#x43E;&#x434; &#x440;&#x435;&#x434;. &#x424;. &#x422;&#x43E;&#x43B;&#x43B;&#x44F;</subfield>
    <subfield code="n">&#x424;. &#x422;&#x43E;&#x43B;&#x43B;&#x44C;</subfield>
    <subfield code="o">(&#x421;&#x43F;&#x440;&#x430;&#x432;. &#x44D;&#x43D;&#x446;&#x438;&#x43A;&#x43B;. &#x43B;&#x435;&#x43A;&#x441;&#x438;&#x43A;&#x43E;&#x43D;) : &#x412; 12 &#x432;&#x44B;&#x43F;. &#x438;&#x43B;&#x438; 3 &#x442;. &#x422;. 1-</subfield>
    <subfield code="t">&#x41D;&#x430;&#x441;&#x442;&#x43E;&#x43B;&#x44C;&#x43D;&#x44B;&#x439; &#x441;&#x43B;&#x43E;&#x432;&#x430;&#x440;&#x44C; &#x434;&#x43B;&#x44F; &#x441;&#x43F;&#x440;&#x430;&#x432;&#x43E;&#x43A; &#x43F;&#x43E; &#x432;&#x441;&#x435;&#x43C; &#x43E;&#x442;&#x440;&#x430;&#x441;&#x43B;&#x44F;&#x43C; &#x437;&#x43D;&#x430;&#x43D;&#x438;&#x44F;</subfield>
    <subfield code="v">&#x422;. 2</subfield>
  </datafield>
  <datafield tag="702" ind1=" " ind2="1">
    <subfield code="a">&#x422;&#x43E;&#x43B;&#x43B;&#x44C;</subfield>
    <subfield code="b">&#x424;.&#x413;.</subfield>
    <subfield code="f">1823-1867</subfield>
    <subfield code="g">&#x424;&#x435;&#x43B;&#x438;&#x43A;&#x441; &#x413;&#x443;&#x441;&#x442;&#x430;&#x432;&#x43E;&#x432;&#x438;&#x447;</subfield>
    <subfield code="4">340</subfield>
  </datafield>
  <datafield tag="702" ind1=" " ind2="1">
    <subfield code="9">z03790</subfield>
    <subfield code="a">&#x412;&#x430;&#x43B;&#x435;&#x43D;&#x441;</subfield>
    <subfield code="b">&#x412;.&#x41F;.</subfield>
    <subfield code="f">1836-1903</subfield>
    <subfield code="g">&#x412;&#x430;&#x441;&#x438;&#x43B;&#x438;&#x439; &#x41F;&#x435;&#x442;&#x440;&#x43E;&#x432;&#x438;&#x447;</subfield>
    <subfield code="4">570</subfield>
  </datafield>
  <datafield tag="790" ind1=" " ind2="1">
    <subfield code="9">z03702</subfield>
    <subfield code="a">&#x412;&#x43E;&#x43B;&#x435;&#x43D;&#x441;</subfield>
    <subfield code="b">&#x412;.&#x41F;.</subfield>
    <subfield code="f">1836-1903</subfield>
    <subfield code="g">&#x412;&#x430;&#x441;&#x438;&#x43B;&#x438;&#x439; &#x41F;&#x435;&#x442;&#x440;&#x43E;&#x432;&#x438;&#x447;</subfield>
  </datafield>
  <datafield tag="801" ind1=" " ind2="0">
    <subfield code="a">RU</subfield>
    <subfield code="b">NLR</subfield>
    <subfield code="g">psbo</subfield>
  </datafield>
  <datafield tag="801" ind1=" " ind2="0">
    <subfield code="a">RU</subfield>
    <subfield code="b">RuMoRGB</subfield>
    <subfield code="2">psbo</subfield>
  </datafield>
  <datafield tag="801" ind1=" " ind2="1">
    <subfield code="a">RU</subfield>
    <subfield code="b">ProSoft-M</subfield>
    <subfield code="2">rusmarc</subfield>
  </datafield>
  <datafield tag="852" ind1=" " ind2=" ">
    <subfield code="a">NLR</subfield>
    <subfield code="j">&#x41A;&#x440;I-3623/2</subfield>
  </datafield>
  <datafield tag="852" ind1=" " ind2=" ">
    <subfield code="a">NLR</subfield>
    <subfield code="b">&#x41C;&#x444;</subfield>
    <subfield code="j">&#x41A;1/15721</subfield>
  </datafield>
  <datafield tag="852" ind1=" " ind2=" ">
    <subfield code="a">NLR</subfield>
    <subfield code="j">101/1863</subfield>
  </datafield>
  <datafield tag="899" ind1=" " ind2=" ">
    <subfield code="a">RuMoRGB</subfield>
    <subfield code="j">P 26/90</subfield>
  </datafield>
  <datafield tag="899" ind1=" " ind2=" ">
    <subfield code="a">RuMoRGB</subfield>
    <subfield code="j">O 10/1102</subfield>
  </datafield>
  <datafield tag="899" ind1=" " ind2=" ">
    <subfield code="a">RuMoRGB</subfield>
    <subfield code="j">M 56/30</subfield>
  </datafield>
  <datafield tag="899" ind1=" " ind2=" ">
    <subfield code="a">&#x411;&#x410;&#x41D;</subfield>
  </datafield>
  <datafield tag="899" ind1=" " ind2=" ">
    <subfield code="a">&#x41D;&#x411; &#x421;&#x41F;&#x431;&#x413;&#x423;</subfield>
  </datafield>
  <datafield tag="899" ind1=" " ind2=" ">
    <subfield code="a">&#x413;&#x41F;&#x418;&#x411;</subfield>
  </datafield>
  <datafield tag="899" ind1=" " ind2=" ">
    <subfield code="a">&#x41D;&#x411; &#x41C;&#x413;&#x423;</subfield>
  </datafield>
  <datafield tag="942" ind1=" " ind2=" ">
    <subfield code="c">BOOK</subfield>
  </datafield>
  <datafield tag="980" ind1=" " ind2=" ">
    <subfield code="a">NB</subfield>
  </datafield>
  <datafield tag="980" ind1="1" ind2=" ">
    <subfield code="a">KRCH</subfield>
  </datafield>
  <datafield tag="995" ind1=" " ind2=" ">
    <subfield code="5">2013-10-26</subfield>
    <subfield code="b">NLR01</subfield>
    <subfield code="c">NLR01</subfield>
    <subfield code="e">FM</subfield>
    <subfield code="f">4562300-10</subfield>
    <subfield code="k">&#x41C;&#x444; &#x41A;1/15721</subfield>
    <subfield code="o">0</subfield>
    <subfield code="r">MFILM</subfield>
    <subfield code="s">_115721</subfield>
  </datafield>
  <datafield tag="995" ind1=" " ind2=" ">
    <subfield code="5">2013-10-26</subfield>
    <subfield code="b">NLR01</subfield>
    <subfield code="c">NLR01</subfield>
    <subfield code="e">OLCAA</subfield>
    <subfield code="f">4562300-20</subfield>
    <subfield code="k">&#x41A;&#x440;I-3623/2</subfield>
    <subfield code="o">0</subfield>
    <subfield code="r">BOOK</subfield>
    <subfield code="s">I36232_</subfield>
  </datafield>
  <datafield tag="995" ind1=" " ind2=" ">
    <subfield code="5">2013-10-26</subfield>
    <subfield code="b">NLR01</subfield>
    <subfield code="c">NLR01</subfield>
    <subfield code="e">CSB</subfield>
    <subfield code="f">4562300-30</subfield>
    <subfield code="k">101/1863</subfield>
    <subfield code="o">0</subfield>
    <subfield code="r">BOOK</subfield>
    <subfield code="s">1011863_</subfield>
  </datafield>
  <datafield tag="995" ind1=" " ind2=" ">
    <subfield code="5">2013-10-26</subfield>
    <subfield code="b">NLR01</subfield>
    <subfield code="c">NLR01</subfield>
    <subfield code="e">TEMP</subfield>
    <subfield code="f">4562300-70</subfield>
    <subfield code="o">0</subfield>
    <subfield code="r">BOOK</subfield>
  </datafield>
  <datafield tag="995" ind1=" " ind2=" ">
    <subfield code="5">2013-10-26</subfield>
    <subfield code="b">NLR01</subfield>
    <subfield code="c">NLR01</subfield>
    <subfield code="e">TEMP</subfield>
    <subfield code="f">4562300-80</subfield>
    <subfield code="o">0</subfield>
    <subfield code="r">BOOK</subfield>
  </datafield>
  <datafield tag="995" ind1=" " ind2=" ">
    <subfield code="5">2013-10-26</subfield>
    <subfield code="b">NLR01</subfield>
    <subfield code="c">NLR01</subfield>
    <subfield code="e">TEMP</subfield>
    <subfield code="f">4562300-90</subfield>
    <subfield code="o">0</subfield>
    <subfield code="r">BOOK</subfield>
  </datafield>
  <datafield tag="995" ind1=" " ind2=" ">
    <subfield code="5">2013-10-26</subfield>
    <subfield code="b">NLR01</subfield>
    <subfield code="c">NLR01</subfield>
    <subfield code="e">TEMP</subfield>
    <subfield code="f">4562300-100</subfield>
    <subfield code="o">0</subfield>
    <subfield code="r">BOOK</subfield>
  </datafield>
</record>
